Employment and distributional effects of restricting working time /

Saved in:
Bibliographic Details
Main Author: Marimon, Ramon, 1953-
Other Authors: Zilibotti, Fabrizio.
Format: Book
Language:English
Published: San Domenico (FI) Italy : European University Institute, [1999]
Series:EUI working paper. ECO ; no. 99/19.
Subjects:
Tags: Add Tag
No Tags, Be the first to tag this record!
LEADER 01021nam a2200277Ka 4500
001 008222829-9
005 20020606104010.5
008 991029s1999 it a b 000|0 eng d
035 0 |a ocm42031755 
040 |a IUL  |c IUL 
090 |a HB31  |b .E85 no.99/19 
100 1 |a Marimon, Ramon,  |d 1953- 
245 1 0 |a Employment and distributional effects of restricting working time /  |c Ramon Marimon and Fabrizio Zilibotti. 
260 |a San Domenico (FI) Italy :  |b European University Institute,  |c [1999] 
300 |a 51 p. :  |b ill. ;  |c 22 cm. 
490 1 |a EUI working paper. ECO ;  |v no. 99/19 
500 |a "May 1999"--T.p. verso. 
500 |a At head of title: European University Institute, Florence, Economics Dept. 
504 |a Includes bibliographical references (p. 46-49). 
650 0 |a Work sharing  |x Econometric models. 
650 0 |a Unemployment  |x Econometric models. 
650 0 |a Hours of labor. 
700 1 |a Zilibotti, Fabrizio. 
830 0 |a EUI working paper.  |p ECO ;  |v no. 99/19. 
988 |a 20020608 
906 |0 OCLC